[Event "Romanian-ch Open 2022"]
[Site "Eforie Nord"]
[Date "2022.02.26"]
[Round "8.4"]
[White "Toma, Radu-Cristian"]
[Black "Georgescu, Tiberiu-Marian"]
[Result "0-1"]
[WhiteElo "2388"]
[BlackElo "2467"]
[Annotator "TA"]
[PlyCount "87"]
[EventDate "2022.02.20"]
[EventType "swiss"]
[EventCountry "ROU"]
[SourceTitle "playchess.com"]
[Source "ChessBase"]
[SourceQuality "1"]

{[%evp 9,87,14,10,-25,-25,-35,-29,-43,-31,-29,-30,-37,-33,-28,-24,-51,-44,-45,-41,-80,-88,-124,-66,-63,-52,-56,-60,-70,-50,-49,-49,-97,-103,-133,-80,-81,-39,-30,-5,-5,-5,-5,-5,0,0,0,0,0,0,-5,0,-8,-11,-33,0,0,0,-31,-14,-14,-4,-43,-33,-43,-51,-39,-37,-372,-351,-397,-395,-388,-317,-327,-319,-348,-341,-395,-397,-358]} 1. c4 e6 2. Nf3 d5 3. d4 a6 4. g3 dxc4 5. Bg2 b5 6. O-O {D30: Queen's Gambit Declined: Systems without Nc3.} (6. Ne5 $5 {[%cal Rg2a8]} c6 7. O-O $11 (7. Nxc6 Qb6 $11)) 6... Bb7 7. a4 Nf6 8. b3 {Black has an edge.} cxb3 9. axb5 axb5 10. Rxa8 Bxa8 11. Qxb3 b4 12. Qa4+ Bc6 {[#]} 13. Qa5 $146 ({Predecessor:} 13. Qa7 Bd6 14. Bg5 O-O 15. Rc1 Bxf3 16. Bxf3 Nbd7 17. Nd2 Qb8 18. Qa4 e5 19. Bc6 {1-0 (56) Chashchev,S (2310)-Lugovskoy,M (2018) Maikop 2008}) 13... Bd6 $1 14. Nbd2 O-O 15. Re1 Bxf3 (15... Nbd7 $17 16. e4 Be7) 16. Bxf3 $15 c5 $1 17. Qa1 cxd4 18. Qxd4 Be7 19. Qa1 Nbd7 20. h4 (20. Nb3 $15) 20... Nc5 $17 21. h5 {[%cal Oh5h6]} Nd5 (21... h6 $142 22. Nc4 Nce4) 22. Bb2 Bf6 (22... Bg5 $17 23. Nc4 Bf6) 23. Bxf6 $1 $15 Qxf6 ({Don't play} 23... gxf6 24. Qd4 Nc3 25. Qg4+ Kh8 26. Nb1 $11) (23... Nxf6 {looks sharper.} 24. Qb2 Qa5 25. h6 Ncd7 26. hxg7 Rb8) 24. Bxd5 exd5 25. Qxf6 gxf6 {[%mdl 4096] Endgame KRN-KRN} 26. Ra1 Ne4 27. Nb3 Kg7 28. Ra6 Rb8 29. Kg2 h6 30. Ra5 Nc3 31. e3 Rb5 {Threatens to win with ...Rxa5.} 32. Ra7 Ne4 33. Nd4 Rb8 {[#] And now ...b3 would win.} 34. Nb3 $1 ({Reject} 34. Nf5+ Kf8 35. Ra2 b3 $17) 34... Rb6 35. Ra5 Nc3 $1 36. g4 f5 $1 37. gxf5 Kf6 38. e4 $2 {[%mdl 8192] [#] White does not recover from this.} ({White should try} 38. f4 $15) 38... dxe4 $19 39. Kg3 Kg5 40. f4+ exf3 41. Kxf3 Rb5 ({Wrong is} 41... Kxh5 $2 42. Ra7 $19) 42. Ra7 Rxf5+ 43. Kg2 Kxh5 44. Rb7 {Weighted Error Value: White=0.28 (precise) /Black=0.09 (flawless)} 0-1

[Event "Romanian-ch Open 2022"]
[Site "Eforie Nord"]
[Date "2022.02.26"]
[Round "8.5"]
[White "Anton, Teodor"]
[Black "Cosma, Ioan"]
[Result "1-0"]
[WhiteElo "2457"]
[BlackElo "2396"]
[Annotator "TA"]
[PlyCount "93"]
[EventDate "2022.02.20"]
[EventType "swiss"]
[EventCountry "ROU"]
[SourceTitle "playchess.com"]
[Source "ChessBase"]
[SourceQuality "1"]

{[%evp 16,93,-13,-26,-27,-25,-23,-26,-27,-64,-61,-64,-14,-28,-25,-39,-37,-39,-15,-43,-34,-45,-30,-41,-23,-27,-27,-30,-30,-31,0,-10,0,-43,-42,-43,-16,-23,17,24,20,8,29,22,33,22,52,35,34,29,59,46,74,54,61,0,0,0,0,0,166,177,166,58,168,123,263,220,374,379,365,368,349,343,1057,1015,933,944,627,590]} 1. d4 Nf6 2. c4 e6 3. Nf3 d5 4. cxd5 exd5 5. Nc3 c6 6. Bg5 {[%cal Bc1g5,Bg5h4,Bh4g3][%mdl 32]} h6 7. Bh4 Bf5 8. Qb3 {was the old line (8.e3).} g5 9. Bg3 Qb6 {D35: Queen's Gambit Declined: Exchange Variation.} 10. e3 Nbd7 11. Be2 Nh5 {[#] Black has an edge.} 12. O-O-O $146 ({Predecessor:} 12. Nd2 Bg6 13. Rc1 Nxg3 14. hxg3 a5 15. O-O Qxb3 16. Nxb3 a4 17. Nd2 {½-½ (42) Domogaev,S (2414)-Olson,H (2229) Pardubice 2018}) 12... Nxg3 13. hxg3 {[%cal Of3g5]} Bg7 ({Black should play} 13... Qxb3 $15 14. axb3 Be7) 14. Qa3 a5 {[%cal Oa5a4]} 15. Bd3 Bxd3 16. Rxd3 Qb4 (16... a4 {with more complications.} 17. Nb1 Nf6 18. Rd2 Qa6 19. Ne1 Qc4+) 17. Nb1 Qxa3 18. Rxa3 Ke7 {[%cal Be8e7,Be7d6,Bd6d7][%mdl 32]} 19. Kd2 Kd6 20. Rc3 Nf6 {White must now prevent ...Ne4+.} 21. Ke2 Ne4 22. Rc2 Kd7 (22... f5 {feels hotter.} 23. Rh5 a4 24. Nc3 Nf6 25. Rh2 Ke7) 23. Nbd2 Nd6 24. Ne1 (24. Nb3 $11 {might be stronger.}) 24... Rae8 $15 25. Kd1 f5 26. Nd3 b6 27. Nf3 Nf7 $1 {Inhibits Nfe5+.} 28. Kd2 Bf6 29. Rhc1 Rc8 30. Kd1 (30. b4 {is interesting.} a4 31. Kd1 Bg7 32. Ke2 Rhe8 33. Kd2) 30... g4 (30... Rc7 {seems wilder.} 31. b3 Rhc8 32. a3 Bg7 33. b4 a4) 31. Nh4 (31. Nfe1 {keeps more tension.} Be7 32. Nf4 h5 33. Ke2 Bd6 34. Ned3) 31... Bxh4 32. gxh4 Rhe8 33. b4 a4 {[%cal Og4g3]} 34. b5 (34. Ke2 {is more complex.} b5 35. Rc5 Rg8 36. R5c3 Rge8 37. f4) 34... cxb5 35. Rxc8 (35. Nb4 $14) 35... Rxc8 $11 36. Rxc8 Kxc8 $14 {[%mdl 4096] Endgame KN-KN} 37. Nb4 Kb7 $2 {[#]} (37... Kc7 $11) 38. Nxd5 $18 Nd6 39. Nb4 (39. Ke2 $18) 39... Kc7 (39... Nc8 $1 $14) 40. Ke2 ({Better is} 40. f3 $18) 40... Nc4 {[#] Loses the game.} (40... f4 $16) 41. f3 $1 Na5 $2 (41... Nd6 42. Kd3 gxf3 43. gxf3 Ne8 44. Nd5+ Kb7) 42. fxg4 fxg4 43. Kd3 Nc4 44. e4 {[%cal Be3e4,Be4e5][%mdl 32] e5 is the strong threat.} Kd6 (44... Kd7 45. e5 g3) 45. e5+ {White is clearly winning.} Ke6 46. Ke4 Nd2+ 47. Kf4 {Weighted Error Value: White=0.13 (very precise) /Black=0.30} 1-0

[Event "Romanian-ch Open 2022"]
[Site "Eforie Nord"]
[Date "2022.02.26"]
[Round "8.6"]
[White "Badea, Bela"]
[Black "Gavrilescu, David"]
[Result "0-1"]
[WhiteElo "2413"]
[BlackElo "2512"]
[Annotator "TA"]
[PlyCount "34"]
[EventDate "2022.02.20"]
[EventType "swiss"]
[EventCountry "ROU"]
[SourceTitle "playchess.com"]
[Source "ChessBase"]
[SourceQuality "1"]

{[%evp 11,34,20,23,-44,-16,-38,-38,-31,0,0,-8,-12,11,0,4,-6,12,0,0,4,6,0,0,0,0]} 1. Nf3 d5 2. g3 c5 3. Bg2 Nf6 4. O-O e6 {[%cal Be7e6,Be6e5][%mdl 32]} 5. c4 d4 6. d3 Nc6 7. e4 {A09: Réti Opening: 1 Nf3 d5 2 c4.} (7. e3 $11) 7... Bd6 8. Nh4 e5 {[#]} 9. Nf5 $146 {Black is slightly better.} ({Predecessor:} 9. a3 O-O 10. Nd2 a6 11. Nf5 b5 12. f4 Bxf5 13. exf5 Qc7 14. g4 exf4 15. g5 {1-0 (40) Hrivnak,M (2190)-Krajnak,J (2192) Slovakia 2008}) 9... O-O 10. Nxd6 {The position is equal.} Qxd6 11. h3 Ne8 12. f4 $1 exf4 13. gxf4 f5 14. Nd2 fxe4 15. Nxe4 Qe7 16. Bd2 Bf5 17. Qf3 Nf6 {[%mdl 32768] Weighted Error Value: White=0.14 (very precise) /Black=0.09 (flawless) . Loss on time!?} 0-1

[Event "Romanian-ch Open 2022"]
[Site "Eforie Nord"]
[Date "2022.02.26"]
[Round "8.7"]
[White "Bonte, Andrei-Mihai"]
[Black "Ghimpu, Samuel-Timotei"]
[Result "0-1"]
[WhiteElo "2349"]
[BlackElo "2420"]
[Annotator "ChessBase"]
[PlyCount "41"]
[EventDate "2022.02.20"]
[EventType "swiss"]
[EventCountry "ROU"]
[SourceTitle "playchess.com"]
[Source "ChessBase"]
[SourceQuality "1"]
[TimeControl "40/5400+30:900+30"]

1. d4 {[%emt 0:02:30]} Nf6 {[%emt 0:00:11]} 2. c4 {[%emt 0:00:45]} e6 {[%emt 0:00:06]} 3. Nf3 {[%emt 0:00:45]} d5 {[%emt 0:00:09]} 4. Nc3 {[%emt 0:01:27]} Bb4 {[%emt 0:03:53]} 5. cxd5 {[%emt 0:04:26]} exd5 {[%emt 0:00:49]} 6. Qa4+ {[%emt 0:00:12]} Nc6 {[%emt 0:00:05]} 7. Bg5 {[%emt 0:05:44]} h6 {[%emt 0:00:08]} 8. Bxf6 {[%emt 0:00:07]} Qxf6 {[%emt 0:00:01]} 9. e3 {[%emt 0:00:15]} O-O {[%emt 0:00:18]} 10. Be2 {[%emt 0:10:35]} Be6 {[%emt 0:01:09]} 11. O-O {[%emt 0:00:31]} a6 {[%emt 0:00:03]} 12. Rfc1 {[%emt 0:04:08]} Bd6 {[%emt 0:01:07]} 13. Qd1 {[%emt 0:06:10]} Ne7 {[%emt 0:03:53]} 14. g3 {[%emt 0:03:04]} g5 {[%emt 0:05:30]} 15. e4 {[%emt 0:07:46]} dxe4 {[%emt 0:06:24]} 16. Nxe4 {[%emt 0:00:03]} Qg7 {[%emt 0:00:19]} 17. Nxd6 {[%emt 0:06:24]} cxd6 {[%emt 0:00:07]} 18. d5 {[%emt 0:00:07]} Bxd5 {[%emt 0:04:13]} 19. Rc7 {[%emt 0:06:37]} Rfe8 {[%emt 0:03:53]} 20. Nd4 {[%emt 0:01:42]} Qe5 {[%emt 0:14:54]} 21. Bg4 {[%emt 0:16:02]} 0-1

[Event "Romanian-ch Open 2022"]
[Site "Eforie Nord"]
[Date "2022.02.26"]
[Round "8.8"]
[White "Stoleriu, George"]
[Black "Manea, Alexandru"]
[Result "1/2-1/2"]
[WhiteElo "2419"]
[BlackElo "2355"]
[Annotator "NA"]
[PlyCount "105"]
[EventDate "2022.02.20"]
[EventType "swiss"]
[EventCountry "ROU"]
[SourceTitle "playchess.com"]
[Source "ChessBase"]
[SourceQuality "1"]
[TimeControl "40/5400+30:900+30"]

1. Nf3 {[%emt 0:02:39]} d5 {[%emt 0:02:01]} 2. b3 {[%emt 0:00:09]} Bf5 {[%emt 0:01:17]} 3. Bb2 {[%emt 0:00:06]} e6 {[%emt 0:00:06]} 4. g3 {[%emt 0:00:03]} Nf6 {[%emt 0:00:06]} 5. Bg2 {[%emt 0:00:04]} h6 {[%emt 0:00:05]} 6. O-O {[%emt 0:00:04]} Nbd7 {[%emt 0:00:04]} 7. d3 {[%emt 0:00:05]} Be7 {[%emt 0:00:41]} 8. Nbd2 {[%emt 0:01:10]} O-O {[%emt 0:00:33]} 9. Re1 {[%emt 0:00:27]} c6 {[%emt 0:00:16]} 10. h3 {[%emt 0:05:15]} Bh7 {[%emt 0:00:48]} 11. e4 {[%emt 0:03:12]} Ne8 {[%emt 0:10:57]} 12. Qe2 {[%emt 0:01:44]} Nd6 {[%emt 0:01:41]} 13. Nh2 {[%emt 0:02:15]} Re8 {[%emt 0:17:14]} 14. f4 {[%emt 0:09:26]} Nb5 {[%emt 0:11:25]} 15. a4 {[%emt 0:07:07]} Bc5+ {[%emt 0:06:21]} 16. Kh1 {[%emt 0:00:04] [#]} Bd4 $1 {[%emt 0:00:10]} 17. Bxd4 {[%emt 0:04:19]} Nxd4 {[%emt 0:00:37]} 18. Qd1 {[%emt 0:00:02]} Qa5 {[%emt 0:02:34]} 19. Rc1 $11 {[%emt 0:01:46]} Qc3 {[%emt 0:20:59]} 20. Nb1 {[%emt 0:15:02]} Qb2 {[%emt 0:00:08]} 21. b4 {[%emt 0:00:44]} dxe4 {[%emt 0:19:12]} 22. dxe4 {[%emt 0:00:57]} Nb6 {[%emt 0:00:05]} 23. c3 {[%emt 0:05:44]} Red8 {[%emt 0:01:05]} 24. cxd4 {[%emt 0:02:52]} Rxd4 {[%emt 0:00:01]} 25. Qc2 {[%emt 0:14:05]} Qxb4 {[%emt 0:00:24]} 26. f5 {[%emt 0:00:40]} Nxa4 {[%emt 0:00:35]} 27. Nf3 {[%emt 0:01:21]} Rdd8 {[%emt 0:00:54]} 28. fxe6 {[%emt 0:06:19]} fxe6 {[%emt 0:00:09]} 29. Qa2 {[%emt 0:00:04]} Nc5 {[%emt 0:00:43]} 30. Ne5 {[%emt 0:00:29]} Qb3 {[%emt 0:01:11]} 31. Qf2 {[%emt 0:00:32]} Nd3 {[%emt 0:01:07]} 32. Qf7+ {[%emt 0:00:38]} Kh8 {[%emt 0:00:01]} 33. Nxd3 {[%emt 0:13:04]} Rxd3 {[%emt 0:00:01]} 34. Kh2 {[%emt 0:00:38]} a5 {[%emt 0:00:08]} 35. Qf2 {[%emt 0:01:41]} a4 {[%emt 0:01:10]} 36. Bf1 {[%emt 0:00:45]} Rf3 {[%emt 0:01:21]} 37. Qg2 {[%emt 0:01:40]} Rf6 {[%emt 0:02:14]} 38. e5 {[%emt 0:00:38]} Rff8 {[%emt 0:00:09]} 39. Nd2 {[%emt 0:00:22]} Qb2 {[%emt 0:00:50]} 40. Nc4 {[%emt 0:00:00]} Qb4 {[%emt 0:00:00]} 41. Nd6 {[%emt 0:04:48]} Qb6 {[%emt 0:02:00]} 42. Qg1 {[%emt 0:08:06]} Qb2+ {[%emt 0:00:36]} 43. Kh1 {[%emt 0:00:06]} b5 {[%emt 0:13:12]} 44. Bg2 {[%emt 0:00:39]} a3 {[%emt 0:00:59]} 45. Bxc6 {[%emt 0:00:06]} Rab8 {[%emt 0:01:12]} 46. Bd7 {[%emt 0:03:30]} a2 {[%emt 0:00:19]} 47. Bxe6 {[%emt 0:00:15]} Bb1 {[%emt 0:00:04]} 48. Rxb1 {[%emt 0:00:43]} axb1=Q {[%emt 0:00:05]} 49. Rxb1 {[%emt 0:00:03]} Qxe5 {[%emt 0:00:13]} 50. Nf7+ {[%emt 0:00:16]} Rxf7 {[%emt 0:00:01]} 51. Bxf7 {[%emt 0:00:04]} Qe4+ {[%emt 0:00:03]} 52. Kh2 {[%emt 0:00:04]} Qc2+ {[%emt 0:00:01]} 53. Kh1 {[%emt 0:05:08]} 1/2-1/2

[Event "Romanian-ch Open 2022"]
[Site "Eforie Nord"]
[Date "2022.02.26"]
[Round "8.10"]
[White "Szabo, Gergely-Andras-Gyula"]
[Black "Martian, Dragos-Daniel"]
[Result "1-0"]
[WhiteElo "2524"]
[BlackElo "2270"]
[Annotator "TA"]
[PlyCount "107"]
[EventDate "2022.02.20"]
[EventType "swiss"]
[EventCountry "ROU"]
[SourceTitle "playchess.com"]
[Source "ChessBase"]
[SourceQuality "1"]

{[%evp 15,107,31,36,30,72,73,68,67,76,58,70,44,50,55,41,52,47,43,70,73,69,62,64,37,109,49,127,123,212,208,225,170,205,196,214,204,191,122,99,101,201,170,164,158,261,228,422,422,359,415,407,250,250,243,249,418,387,387,402,400,400,396,514,514,892,879,3943,4701,5257,5257,5247,5185,5257,2281,5281,5277,5257,5122,5222,5193,5173,5155,3348,1048,29967,29968,29968,29970,29973,29974,29974,29975,29975,29973]} 1. d4 Nf6 2. c4 e6 3. Nc3 Bb4 4. g3 O-O 5. Bg2 d5 6. a3 Be7 7. Nf3 {[%cal Bg1f3,Bf3e5,Be5c4][%mdl 32]} c6 8. O-O b6 {[%cal Bb7b6,Bb6b5,Bb5b4][%mdl 32]} 9. Ne5 {A17: English Opening: 1...Nf6 with ...Bb4.} Bb7 (9... Ba6 $11) 10. e4 $1 $16 dxc4 11. Nxc4 {White is slightly better.} Ba6 12. b3 b5 {[#]} 13. Ne5 $146 ({Predecessor:} 13. Ne3 b4 14. Ne2 Bxe2 15. Qxe2 Qxd4 16. Bb2 Qb6 17. axb4 Qxb4 18. Ng4 Nxg4 19. Qxg4 {0-1 (56) Gorbatenko,K (2094)-Nazarevich,V (2303) Kiev 2006}) 13... b4 14. Ne2 Bxe2 15. Qxe2 Qxd4 16. Bb2 Qb6 17. Nc4 Qb5 18. a4 (18. axb4 {feels hotter.} Nbd7 19. Ra5 Qb7 20. e5 Nd5 21. b5) 18... Qb7 19. Bxf6 gxf6 {[#]} (19... Bxf6 $14 20. e5 Be7) 20. Rac1 (20. e5 $1 $16) 20... a5 (20... Qc7 $14) 21. e5 {[%mdl 1024] White has strong compensation.} Qa7 (21... f5 $16 22. Rfd1 Qc7) 22. Rfd1 $18 Qc7 23. Qg4+ Kh8 24. Qh5 f5 25. Nd6 Bxd6 26. Rxd6 ({Better is} 26. exd6 $18 Qd7 27. Qh6) 26... Qe7 $16 27. Rc4 {[%cal Bc1c4,Bc4h4,Bh4d4][%mdl 32] Threatens to win with Rh4. White is much more active.} f6 (27... Rg8 $16) 28. Rh4 {[%cal Oe5f6]} (28. Bxc6 $6 fxe5 29. Rxe6 (29. Bxa8 Qxd6 30. Qh6 Nd7 $11) 29... Qxe6 $14) 28... Ra7 29. Qh6 $40 {[%cal Od6e6][%mdl 128] Strongly threatening Rxe6! White attacks with force.} Rf7 (29... fxe5 $16 {is a better defense.} 30. Rxe6 Qg7 31. Rxe5 Nd7 32. Qxg7+ Kxg7 33. Re7+ Rf7 34. Rxf7+ Kxf7) 30. Rhd4 {White wants to mate with Rd8+.} Rd7 {Inhibits Rd8+.} (30... Nd7 {was called for.} 31. Rxc6 (31. Bxc6 Nf8 $16) 31... Kg8 32. exf6 Qxf6 33. Rc8+ Nf8 34. Qxf6 Rxf6) 31. Bxc6 $18 Rxd6 32. exd6 ({Less strong is} 32. Rxd6 Nxc6 33. Rxc6 Qe8 $18) 32... Qf8 33. Qxf8+ Rxf8 {[%mdl 4096] Endgame KRB-KRN} 34. Bb5 Kg7 35. Rc4 Rd8 {To avoid d7} 36. Rc7+ Kg6 37. d7 Kf7 {[#]} 38. Ra7 $1 Ke7 39. Rxa5 Nxd7 (39... Rg8 $142 40. Ra7 (40. Ra8 Rd8 $18) 40... f4) 40. Ra7 {Black must now prevent Rxd7+.} Kd6 41. Rxd7+ Rxd7 42. Bxd7 Kxd7 {KP-KP} 43. Kf1 Kd6 44. Ke2 (44. Ke1 $142 Kd5 45. Ke2) 44... e5 45. Kd3 Kc5 46. a5 Kb5 47. a6 Kxa6 48. Kc4 Ka5 49. Kc5 f4 50. gxf4 {White mates.} exf4 51. f3 h5 52. h4 Ka6 53. Kxb4 Kb6 54. Kc4 {Weighted Error Value: White=0.13 (very precise) /Black=0.44} 1-0

[Event "Romanian-ch Open 2022"]
[Site "Eforie Nord"]
[Date "2022.02.26"]
[Round "8.11"]
[White "Magold, Filip"]
[Black "Manolache, Marius"]
[Result "0-1"]
[WhiteElo "2204"]
[BlackElo "2485"]
[Annotator "TA"]
[PlyCount "100"]
[EventDate "2022.02.20"]
[EventType "swiss"]
[EventCountry "ROU"]
[SourceTitle "playchess.com"]
[Source "ChessBase"]
[SourceQuality "1"]

{[%evp 9,100,46,51,56,81,44,47,44,50,42,51,36,37,55,41,17,16,18,18,15,22,0,13,0,16,0,0,0,0,0,-8,-16,0,0,71,12,16,0,27,8,28,0,10,0,10,0,34,-12,31,-19,41,-7,58,-50,-37,-56,0,-171,-93,-220,-249,-235,-234,-295,-308,-310,-306,-377,-374,-370,-362,-304,-154,-128,-95,-104,0,-50,0,0,0,0,17,0,0,0,0,-29989,-29990,-29991,-29992,-29992,-29993]} 1. e4 {[%cal Be2e4,Be4e5][%mdl 32]} c5 2. Nf3 Nf6 3. e5 Nd5 4. Nc3 Nxc3 5. dxc3 e6 6. Bf4 {B29: Sicilian: 2 Nf3 Nf6 (Nimzowitsch Variation).} Qc7 7. Qd2 h6 8. h4 {White is slightly better.} b6 9. O-O-O Bb7 10. Qe3 Nc6 {[%cal Bb8c6,Bc6e7,Be7d5][%mdl 32]} 11. Nd2 Ne7 {[#]} 12. Ne4 $146 {Threatens to win with Nd6+.} ({Predecessor:} 12. Nc4 Nd5 13. Qg3 b5 14. Ne3 Qa5 15. Kb1 Nxe3 16. Qxe3 Bd5 17. b3 c4 18. Be2 cxb3 19. cxb3 {1-0 (41) Londyn,R (2278)-Bazant,P (2305) Czech Republic 2005}) 12... Nd5 13. Qg3 Qc6 $1 {To avoid Bb5} 14. f3 c4 15. Kb1 O-O-O 16. Bc1 f6 17. f4 f5 18. Nd2 {[%cal Be4d2,Bd2f3,Bf3d4][%mdl 32]} b5 19. Nf3 Qb6 20. Nd4 Kc7 21. Be2 Rb8 {[#]} (21... Bc5 $11 {keeps the balance.}) 22. Rh3 (22. Bf3 $1 $16) 22... Bc5 $11 23. Qe1 Rhf8 24. Rg3 Rf7 25. h5 a6 26. Rg6 Ne7 27. Rg3 Bd5 28. Qf1 (28. Be3 $14) 28... Rb7 (28... Rc8 $11 {feels stronger.}) 29. a3 (29. Be3 $14) 29... a5 (29... Kb8 $11) 30. Ka1 (30. a4 $1 $14 bxa4 31. Bxc4) 30... Kb8 (30... Nc6 $11) 31. Be3 ({White must play} 31. a4 $1 $14) 31... Be4 $15 32. Qf2 {[%cal Od4c6]} Rc7 {Inhibits Nc6+.} (32... Ka8 $15) 33. Bf3 $2 (33. a4 $1 $11 {and White stays safe.}) 33... b4 (33... Nd5 $19 34. Bxe4 fxe4) 34. Qf1 (34. Bxe4 $17 fxe4 35. cxb4 axb4 36. a4) 34... Nd5 $19 (34... bxa3 35. bxa3 Rb7 36. Rb1 Qxb1+ 37. Qxb1 Rxb1+ 38. Kxb1) 35. Bxe4 fxe4 (35... bxc3 36. Rb1 Nxe3 37. Qc1 Bxd4 38. bxc3 Bxc3+ 39. Ka2 $15) 36. Qxc4 (36. cxb4 axb4 37. Qxc4 bxa3) 36... bxc3 {[%csl Gc3][%cal Rb6b2]} (36... bxa3 37. Rb1 $19) (36... Nxf4 37. Bxf4 Rxf4 38. cxb4 axb4 39. Rb3 $11) 37. b3 Bxa3 ({And not} 37... Nxf4 38. Nb5 Rc6 39. Bxf4 Rxf4 40. Qa4 $11) 38. Qb5 Bc5 {Strongly threatening ...Qxb5.} 39. Qxb6+ Bxb6 40. Bc1 e3 ({Wrong is} 40... Nxf4 $2 41. Nb5 $19) (40... a4 $19 41. Nb5 axb3 42. cxb3 c2 43. Rxd5 exd5) 41. Bxe3 $17 a4 42. Bc1 Ra7 ({Much less strong is} 42... Nxf4 43. Rf3 $16) (42... axb3 $17 43. Nxb3 Rc4) 43. Kb1 (43. b4 $1 $11) 43... Bxd4 (43... Nxf4 $2 44. Rf3 $18) ({Black should try} 43... axb3 $15 44. Nxb3 Ra4) 44. Rxd4 $11 axb3 45. cxb3 Rf5 46. Rxg7 Rxh5 47. g4 Rh2 {( -> ...Rha2)} 48. f5 $2 {[%mdl 8192] [#]} (48. Rg8+ $11 Kb7 49. Rg7) 48... Rha2 $1 {[%csl Ga2][%cal Rc3c2] Black mates.} (48... c2+ $2 49. Kb2 Ne3 50. Rd2 Nd1+ 51. Kxc2 Rc7+ 52. Kxd1 $18) 49. Ra4 R7xa4 50. bxa4 Nb4 {Weighted Error Value: White=0.42/Black=0.21 (precise)} (50... Rxa4 $2 51. f6 Rb4+ 52. Ka2 $18) 0-1

[Event "Romanian-ch Open 2022"]
[Site "Eforie Nord"]
[Date "2022.02.26"]
[Round "8.12"]
[White "Veress, Armand"]
[Black "Istratescu, Andrei"]
[Result "0-1"]
[WhiteElo "2034"]
[BlackElo "2470"]
[Annotator "TA"]
[PlyCount "99"]
[EventDate "2022.02.20"]
[EventType "swiss"]
[EventCountry "ROU"]
[SourceTitle "playchess.com"]
[Source "ChessBase"]
[SourceQuality "1"]

{[%evp 9,99,14,10,11,10,10,9,14,19,0,0,-14,-12,-7,-12,-14,-8,-11,0,0,0,0,0,-48,-56,-54,-56,-48,-56,-60,-57,-52,-58,-51,-41,-66,-75,-106,-86,-137,-105,-109,-102,-146,-109,-127,-124,-127,-123,-270,-93,-120,-117,-117,-125,-117,-124,-127,-114,-106,-119,-150,-150,-370,-363,-325,-241,-256,-256,-250,-250,-256,-256,-249,-249,-249,-249,-733,-715,-1640,-1651,-29966,-29968,-29969,-29970,-29965,-29967,-29969,-29970,-29970,-29960,-6528]} 1. e4 c5 2. Nf3 e6 3. b3 a6 4. c4 d5 5. cxd5 exd5 6. exd5 {B40: Sicilian: 2...e6, Unusual lines.} Nf6 7. Nc3 Nxd5 8. Nxd5 {The position is equal.} Qxd5 9. Bb2 {[#]} Nc6 $146 ({Predecessor:} 9... Be6 10. Be2 f6 11. O-O Be7 12. Re1 Qd7 13. Bc3 O-O 14. d4 Nc6 15. dxc5 Bxc5 16. Qxd7 Bxd7 {½-½ (34) Dungl,P-Vedral,O Klatovy 1999}) 10. Be2 Be7 11. O-O O-O 12. Re1 Bf5 13. Bc4 Qd6 14. Ne5 {Inhibits Bg4.} Nxe5 15. Bxe5 Qd7 16. d4 (16. a4 $11 {is more appropriate.}) 16... b5 $15 17. Bd3 Bxd3 $1 18. Qxd3 f6 19. Bf4 cxd4 20. Rad1 Rfd8 21. Re4 {[%cal Re4d4]} Bc5 22. Bd2 Re8 23. Rh4 g6 24. Bc3 Rad8 25. Ba5 ({Don't blunder} 25. Bxd4 $2 Bxd4 26. Rh3 Qe7 $19) 25... Rc8 26. Bc3 g5 27. Re4 Rxe4 28. Qxe4 Re8 29. Qb1 {[#]} (29. Qd3 $17) 29... Qe6 $2 (29... b4 $1 $19 {[%cal Rb4c3]} 30. Bd2 d3) 30. Bd2 {[%cal Oh2h4]} ({Avoid the trap} 30. Bxd4 $2 Bxd4 31. g3 Qd5 $19) 30... Qd5 $36 {[%mdl 2048] And now ...d3 would win. Black is in control. Black is more active.} 31. Qd3 Qe4 32. Qxe4 Rxe4 $17 {[%mdl 4096] Endgame KRB-KRB} 33. Kf1 Kf7 34. Rc1 Bb6 35. Rc8 d3 {Threatens to win with ...Re2.} 36. Rb8 $2 {[#]} (36. Be1 $17) 36... Bxf2 $1 $19 {[%mdl 512]} 37. Rd8 ({Don't play} 37. Rb7+ Ke6 38. Rb8 Bc5 $19) (37. g3 Re2) 37... Bc5 38. Rxd3 {[#]} Rd4 {Prevents Rd7+.} 39. Rxd4 Bxd4 {KB-KB} 40. g4 Kg6 {White must now prevent ...h5.} 41. Ke2 h5 42. h3 f5 43. gxf5+ (43. Kf3) 43... Kxf5 44. a4 g4 {[%cal Bg5g4,Bg4h3,Bh3h2][%mdl 32]} 45. Be1 gxh3 {Black mates.} 46. Kf3 h2 47. Kg2 Be5 48. axb5 axb5 49. Ba5 Ke4 50. Bd8 {Weighted Error Value: White=0.53/Black=0.10 (very precise)} 0-1